Probabilidad y estadísticas para ingenieros

Bibliographic Details
Main Authors: Scheaffer, Richard L., McClave James T.
Format: Section = Libro
Language:Undetermined
Spanish
Published: México Iberoamérica 1993
Subjects:
LEADER 00562nam a2200217Ia 4500
008 241007s9999||||xx |||||||||||||| ||und||
020 |a 970-625-022-0 
040 |a BIBLIOTECA-RURC/ 519 S314 
041 |a spa 
082 |a 519 S314 
100 1 |a Scheaffer, Richard L. 
100 1 |b McClave James T. 
245 1 0 |a Probabilidad y estadísticas para ingenieros 
260 |a México  |b Iberoamérica  |c 1993 
300 |a 685 p. :il. 
650 7 |a PROBABILIDAD 
650 7 |b  ESTADISTICAS 
650 7 |c  MATEMATICAS.  
942 |c BK  |2 ddc 
991 |a TEXTO 
999 |c 14381